Billionaire in training (Record no. 6791)

MARC details
000 -LEADER
fixed length control field 00822 a2200229 4500
005 - DATE AND TIME OF LATEST TRANSACTION
control field 20080908145252.0
008 - FIXED-LENGTH DATA ELEMENTS--GENERAL INFORMATION
fixed length control field 080908t xxu||||| |||| 00| 0 eng d
010 ## - LIBRARY OF CONGRESS CONTROL NUMBER
LC control number ENG-87652
020 ## - INTERNATIONAL STANDARD BOOK NUMBER
International Standard Book Number 0070659826
Terms of availability 299.00
035 ## - SYSTEM CONTROL NUMBER
System control number EN-71185
037 ## - SOURCE OF ACQUISITION
Source of stock number/acquisition DBAD / PUB
082 ## - DEWEY DECIMAL CLASSIFICATION NUMBER
Classification number 658.421
100 ## - MAIN ENTRY--PERSONAL NAME
Personal name Sugars, Bradley J.
245 ## - TITLE STATEMENT
Title Billionaire in training
Statement of responsibility, etc Bradley J. Sugars
260 ## - PUBLICATION, DISTRIBUTION, ETC. (IMPRINT)
Place of publication, distribution, etc New Delhi
Name of publisher, distributor, etc Tata McGraw-Hill Publishing
Date of publication, distribution, etc 2007.
300 ## - PHYSICAL DESCRIPTION
Extent xx, 145 p.
Other physical details ill.
Dimensions 23 cm.
490 ## - SERIES STATEMENT
Series statement Instant success series
650 ## - SUBJECT ADDED ENTRY--TOPICAL TERM
Topical term or geographic name as entry element Success in business.
650 ## - SUBJECT ADDED ENTRY--TOPICAL TERM
Topical term or geographic name as entry element Entrepreneurship.
942 ## - ADDED ENTRY ELEMENTS (KOHA)
Institution code [OBSOLETE] dpl
Koha item type English Books
Call number prefix 658.421 / SUG
Source of classification or shelving scheme Dewey Decimal Classification
Classification part 658.421
Call number suffix SUG
Holdings
Withdrawn status Lost status Damaged status Not for loan Collection code Home library Current library Date acquired Cost, normal purchase price Total Checkouts Full call number Barcode Date last seen Copy number Uniform Resource Identifier Cost, replacement price Price effective from Koha item type
      Not For Loan Non-fiction D.B.Act.Division D.B.Act.Division 08/09/2008 299.00   658.421 SUG EN-71185 15/09/2008 1 7294 299.00 15/09/2008 English Books

© Delhi Public Library
Hit Counter
free hit counter